000 01158nam a22003377a 4500
001 BR8300123
003 BR-BrBNA
005 20230928091553.0
007 ta
008 230509b bl.||||| |||| 00| 0 por d
040 _aBR-BrBNA
_bpor
_cBiblioteca Nacional de Agricultura
041 _a(Por)
072 _aF22; F60
_b0120
_b3820
090 _ 0120 BR8300123
100 1 _aSilva, J.C. de A.
110 1 _aEscola Superior de Agricultura Luiz de Queiroz, Piracicaba, SP (Brasil)
_0Tese (Mestre em Energia Nuclear na Agricultura)
245 1 _aMovimento e perdas por lixiviacao de nitrogenio CO (15 NH2)2 em um alfisol cultivado com milho (Zea mays, L.)
246 1 _aMovement and leaching losses of N-CO (15 NH2)2 fertilizer in an alfisol under a corn crop (Zea mays, L.)
260 3 _aPiracicaba, SP (Brasil):
_c1982.
300 _a75 p.
500 _a10 tables; Bibliography p. 48-59 (91 ref.); Summaries (Eng, Por)
650 _aMILHO
650 _aNITROGENIO
650 _aLIXIVIACAO
650 _aALFISSOLO
650 _aAGUA
650 _aSOLO
650 _aANALISE QUIMICA
909 _a202309
_bLucia
_c55
_dLucia Elande
942 _cBK
999 _c34467
_d34467